[Event "DVM U14 2021"]
[Site "Willingen GER"]
[Date "2022.08.16"]
[Round "7"]
[White "Stein, Theodor"]
[Black "Römer, Uri"]
[Result "1-0"]
[Termination "normal"]
[Board "2.3"]
[WhiteElo "1510"]
[BlackElo "1485"]
[WhiteClock "00:20:05"]
[BlackClock "00:07:50"]
[WhiteTeam "Barnimer Schachfreunde im SV Stahl Finow"]
[BlackTeam "SF Brackel 1930"]
[PlyCount "120"]
[WhiteFideId "34602801"]
[BlackFideId "16275039"]
[EventCountry "GER"]
[EventRounds "7"]
[EventType "team-swiss"]
[EventDate "2022.08.12"]

1. e4 {[%clk 01:30:55]} {[%emt 00:00:05]} e5 {[%clk 01:31:22]} 2. Nf3 {[%clk
01:31:20]} Nc6 {[%clk 01:31:50]} 3. d4 {[%clk 01:31:39]} exd4 {[%clk 01:32:17]}
4. Nxd4 {[%clk 01:31:04]} Bc5 {[%clk 01:32:43]} 5. Be3 {[%clk 01:30:00]} Bxd4
{[%clk 01:33:08]} 6. Bxd4 {[%clk 01:30:03]} Nf6 {[%clk 01:33:17]} 7. Nc3 {[%clk
01:29:21]} d6 {[%clk 01:26:11]} 8. Be3 {[%clk 01:24:14]} Qe7 {[%clk 01:17:41]}
9. f3 {[%clk 01:20:23]} Be6 {[%clk 01:10:09]} 10. Qd2 {[%clk 01:18:06]} a6
{[%clk 01:06:29]} 11. O-O-O {[%clk 01:16:31]} O-O-O {[%clk 00:55:45]} 12. Qf2
{[%clk 01:10:36]} d5 {[%clk 00:53:16]} 13. Bc5 {[%clk 01:08:38]} Qe8 {[%clk
00:50:10]} 14. exd5 {[%clk 01:07:44]} Nxd5 {[%clk 00:45:38]} 15. Nxd5 {[%clk
01:07:03]} Rxd5 {[%clk 00:42:38]} 16. Bd3 {[%clk 01:04:39]} Ne5 {[%clk
00:38:28]} 17. Be4 {[%clk 01:02:40]} Rxd1+ {[%clk 00:38:52]} 18. Rxd1 {[%clk
00:59:19]} Qb5 {[%clk 00:35:37]} 19. Qd4 {[%clk 00:56:35]} f6 {[%clk 00:32:30]}
20. a4 {[%clk 00:51:02]} Qc4 {[%clk 00:20:18]} 21. Be7 {[%clk 00:48:27]} Qxd4
{[%clk 00:20:41]} 22. Rxd4 {[%clk 00:48:28]} Nc6 {[%clk 00:20:42]} 23. Bxc6
{[%clk 00:48:51]} bxc6 {[%clk 00:11:52]} 24. b3 {[%clk 00:47:16]} Re8 {[%clk
00:09:42]} 25. Bb4 {[%clk 00:46:34]} Bf5 {[%clk 00:08:04]} 26. Rf4 {[%clk
00:46:11]} Bg6 {[%clk 00:08:07]} 27. Kd2 {[%clk 00:41:13]} Rd8+ {[%clk
00:06:40]} 28. Kc3 {[%clk 00:40:53]} Re8 {[%clk 00:06:21]} 29. Kd2 {[%clk
00:41:01]} Rd8+ {[%clk 00:06:47]} 30. Kc3 {[%clk 00:41:25]} Re8 {[%clk
00:06:59]} 31. Rd4 {[%clk 00:40:24]} Re2 {[%clk 00:07:23]} 32. Rd2 {[%clk
00:37:00]} Re3+ {[%clk 00:07:12]} 33. Kd4 {[%clk 00:36:20]} Re8 {[%clk
00:05:21]} 34. Bc5 {[%clk 00:32:08]} Bf7 {[%clk 00:05:28]} 35. Kc3 {[%clk
00:28:19]} Re5 {[%clk 00:04:15]} 36. Bd4 {[%clk 00:24:53]} Rd5 {[%clk
00:04:13]} 37. Be3 {[%clk 00:18:04]} Re5 {[%clk 00:03:01]} 38. Bf4 {[%clk
00:17:18]} Rc5+ {[%clk 00:02:09]} 39. Kd4 {[%clk 00:14:54]} Rd5+ {[%clk
00:01:23]} 40. Kc3 {[%clk 00:07:43]} Rf5 {[%clk 00:01:07]} 41. Bg3 {[%clk
00:07:41]} Rd5 {[%clk 00:00:43]} 42. Re2 {[%clk 00:07:20]} Kd7 {[%clk
00:28:59]} 43. Rd2 {[%clk 00:36:37]} Kc8 {[%clk 00:27:44]} 44. Re2 {[%clk
00:35:09]} Kd7 {[%clk 00:27:34]} 45. Kb2 {[%clk 00:32:05]} Rd1 {[%clk
00:18:52]} 46. h3 {[%clk 00:29:38]} Rd5 {[%clk 00:17:14]} 47. Bf4 {[%clk
00:25:04]} g5 {[%clk 00:07:39]} 48. c4 {[%clk 00:22:19]} Rd3 {[%clk 00:06:33]}
49. Bd2 {[%clk 00:20:07]} Be6 {[%clk 00:06:35]} 50. Bc3 {[%clk 00:20:08]} f5
{[%clk 00:06:22]} 51. Kc2 {[%clk 00:18:53]} Rd6 {[%clk 00:06:43]} 52. Be5
{[%clk 00:19:04]} Bxc4 {[%clk 00:06:48]} 53. bxc4 {[%clk 00:19:02]} Re6 {[%clk
00:06:53]} 54. Kd3 {[%clk 00:19:10]} c5 {[%clk 00:06:34]} 55. Bb2 {[%clk
00:19:14]} Rb6 {[%clk 00:06:47]} 56. Bc3 {[%clk 00:19:20]} Rd6+ {[%clk
00:06:40]} 57. Kc2 {[%clk 00:19:37]} Kc6 {[%clk 00:06:56]} 58. Re5 {[%clk
00:19:33]} g4 {[%clk 00:07:05]} 59. Rxf5 {[%clk 00:19:47]} gxh3 {[%clk
00:07:28]} 60. gxh3 {[%clk 00:20:05]} Rh6 {[%clk 00:07:50]} 1-0

[Event "DVM U14 2021"]
[Site "Willingen GER"]
[Date "2022.08.16"]
[Round "7"]
[White "Bezsonna, Polina"]
[Black "Nitsche, Nikolai"]
[Result "0-1"]
[Termination "normal"]
[Board "3.2"]
[WhiteElo "1631"]
[BlackElo "1817"]
[WhiteClock "00:25:47"]
[BlackClock "00:27:24"]
[WhiteTeam "SK Bad Homburg 1927"]
[BlackTeam "SV Empor Berlin"]
[PlyCount "88"]
[WhiteFideId "14191156"]
[BlackFideId "16221036"]
[EventCountry "GER"]
[EventRounds "7"]
[EventType "team-swiss"]
[EventDate "2022.08.12"]

1. e4 {[%clk 01:30:57]} {[%emt 00:00:03]} g6 {[%clk 01:30:52]} {[%emt
00:00:08]} 2. d4 {[%clk 01:30:59]} {[%emt 00:00:28]} Bg7 {[%clk 01:31:15]}
{[%emt 00:00:07]} 3. Nf3 {[%clk 01:31:00]} {[%emt 00:00:29]} d6 {[%clk
01:31:35]} {[%emt 00:00:10]} 4. Bd3 {[%clk 01:30:56]} {[%emt 00:00:34]} Nf6
{[%clk 01:31:58]} {[%emt 00:00:06]} 5. O-O {[%clk 01:30:16]} {[%emt 00:01:11]}
O-O {[%clk 01:32:09]} {[%emt 00:00:19]} 6. c3 {[%clk 01:29:52]} {[%emt
00:00:54]} Nc6 {[%clk 01:28:52]} {[%emt 00:03:47]} 7. Re1 {[%clk 01:26:20]}
{[%emt 00:04:02]} e5 {[%clk 01:29:12]} {[%emt 00:00:11]} 8. d5 {[%clk
01:21:26]} {[%emt 00:05:24]} Ne7 {[%clk 01:29:34]} {[%emt 00:00:07]} 9. Bc2
{[%clk 01:20:18]} {[%emt 00:01:38]} Nh5 {[%clk 01:24:42]} {[%emt 00:05:22]} 10.
h3 {[%clk 01:17:40]} {[%emt 00:03:08]} f5 {[%clk 01:15:09]} {[%emt 00:10:03]}
11. exf5 {[%clk 01:17:07]} {[%emt 00:01:03]} Nxf5 {[%clk 01:14:24]} {[%emt
00:01:14]} 12. Bxf5 {[%clk 01:06:19]} {[%emt 00:11:20]} Bxf5 {[%clk 01:13:45]}
{[%emt 00:01:09]} 13. Bg5 {[%clk 00:56:47]} {[%emt 00:10:01]} Qd7 {[%clk
01:08:32]} {[%emt 00:05:43]} 14. Qe2 {[%clk 00:45:55]} {[%emt 00:11:22]} h6
{[%clk 01:04:38]} {[%emt 00:04:25]} 15. Be3 {[%clk 00:45:31]} {[%emt 00:00:53]}
Be4 {[%clk 00:54:59]} {[%emt 00:10:09]} 16. Nbd2 {[%clk 00:42:16]} {[%emt
00:03:45]} Bxd5 {[%clk 00:53:07]} {[%emt 00:02:22]} 17. c4 {[%clk 00:35:18]}
{[%emt 00:07:28]} Bxf3 {[%clk 00:50:11]} {[%emt 00:03:26]} 18. Nxf3 {[%clk
00:35:31]} {[%emt 00:00:17]} Nf4 {[%clk 00:50:36]} {[%emt 00:00:05]} 19. Bxf4
{[%clk 00:34:38]} {[%emt 00:01:23]} Rxf4 {[%clk 00:50:56]} {[%emt 00:00:11]}
20. Qd3 {[%clk 00:33:52]} {[%emt 00:01:15]} Qf7 {[%clk 00:37:11]} {[%emt
00:14:15]} 21. Re4 {[%clk 00:31:41]} {[%emt 00:02:42]} Rf6 {[%clk 00:34:33]}
{[%emt 00:03:08]} 22. Rd1 {[%clk 00:25:35]} {[%emt 00:06:35]} b6 {[%clk
00:31:18]} {[%emt 00:03:45]} 23. b4 {[%clk 00:21:26]} {[%emt 00:04:39]} a5
{[%clk 00:29:47]} {[%emt 00:02:01]} 24. b5 {[%clk 00:19:04]} {[%emt 00:02:52]}
Rf8 {[%clk 00:29:31]} {[%emt 00:00:45]} 25. Qd5 {[%clk 00:16:48]} {[%emt
00:02:47]} Kh7 {[%clk 00:26:56]} {[%emt 00:03:05]} 26. Qxf7 {[%clk 00:14:59]}
{[%emt 00:02:18]} R8xf7 {[%clk 00:27:16]} {[%emt 00:00:11]} 27. Kf1 {[%clk
00:13:53]} {[%emt 00:01:36]} g5 {[%clk 00:26:47]} {[%emt 00:01:00]} 28. Rde1
{[%clk 00:12:14]} {[%emt 00:02:08]} Kg6 {[%clk 00:24:47]} {[%emt 00:02:29]} 29.
R1e2 {[%clk 00:07:40]} {[%emt 00:05:05]} h5 {[%clk 00:19:11]} {[%emt 00:06:05]}
30. Ke1 {[%clk 00:06:38]} {[%emt 00:01:33]} Bh6 {[%clk 00:18:16]} {[%emt
00:01:25]} 31. Nd2 {[%clk 00:03:19]} {[%emt 00:03:48]} Rf4 {[%clk 00:14:07]}
{[%emt 00:04:39]} 32. Nb1 {[%clk 00:01:20]} {[%emt 00:02:29]} g4 {[%clk
00:12:37]} {[%emt 00:02:02]} 33. hxg4 {[%clk 00:01:22]} {[%emt 00:00:27]} hxg4
{[%clk 00:12:51]} {[%emt 00:00:15]} 34. Nc3 {[%clk 00:01:27]} {[%emt 00:00:25]}
Kf5 {[%clk 00:12:24]} {[%emt 00:00:58]} 35. Rxf4+ {[%clk 00:01:22]} {[%emt
00:00:35]} Bxf4 {[%clk 00:12:44]} {[%emt 00:00:10]} 36. Nd5 {[%clk 00:01:04]}
{[%emt 00:00:48]} Bg5 {[%clk 00:06:23]} {[%emt 00:06:50]} 37. Kd1 {[%clk
00:01:10]} {[%emt 00:00:25]} e4 {[%clk 00:03:58]} {[%emt 00:02:55]} 38. Kc2
{[%clk 00:01:06]} {[%emt 00:00:34]} Bh6 {[%clk 00:01:34]} {[%emt 00:02:55]} 39.
Re1 {[%clk 00:01:13]} {[%emt 00:00:22]} Bg7 {[%clk 00:01:24]} {[%emt 00:00:40]}
40. Rh1 {[%clk 00:00:48]} {[%emt 00:00:55]} Ke5 {[%clk 00:01:34]} {[%emt
00:00:21]} 41. Rf1 {[%clk 00:00:49]} {[%emt 00:00:29]} g3 {[%clk 00:01:14]}
{[%emt 00:00:48]} 42. f3 {[%clk 00:00:48]} {[%emt 00:00:31]} exf3 {[%clk
00:30:02]} {[%emt 00:01:43]} 43. gxf3 {[%clk 00:30:08]} {[%emt 00:01:09]} Kd4
{[%clk 00:29:34]} {[%emt 00:00:54]} 44. Kd2 {[%clk 00:25:47]} {[%emt 00:04:55]}
Bh6+ {[%clk 00:27:24]} {[%emt 00:02:40]} 0-1

[Event "DVM U14 2021"]
[Site "Willingen GER"]
[Date "2022.08.16"]
[Round "7"]
[White "Prinzen, Siri Marleen"]
[Black "Schön, Florian"]
[Result "1/2-1/2"]
[Termination "normal"]
[Board "4.2"]
[WhiteElo "1801"]
[BlackElo "1702"]
[WhiteClock "00:20:21"]
[BlackClock "00:31:05"]
[WhiteTeam "SK Tarrasch 1945 München"]
[BlackTeam "VfB Schach Leipzig"]
[PlyCount "106"]
[WhiteFideId "16265912"]
[BlackFideId "16259394"]
[EventCountry "GER"]
[EventRounds "7"]
[EventType "team-swiss"]
[EventDate "2022.08.12"]

1. d4 {[%clk 01:30:59]} Nf6 {[%clk 01:29:54]} {[%emt 00:01:07]} 2. Bf4 {[%clk
01:31:21]} {[%emt 00:00:08]} d5 {[%clk 01:29:25]} {[%emt 00:00:59]} 3. e3
{[%clk 01:31:45]} {[%emt 00:00:05]} c5 {[%clk 01:28:45]} {[%emt 00:01:11]} 4.
Nc3 {[%clk 01:27:52]} {[%emt 00:04:22]} Nc6 {[%clk 01:27:43]} {[%emt 00:01:32]}
5. Nb5 {[%clk 01:27:37]} {[%emt 00:00:45]} e5 {[%clk 01:14:16]} {[%emt
00:13:56]} 6. dxe5 {[%clk 01:26:11]} {[%emt 00:01:57]} Ng4 {[%clk 01:13:52]}
{[%emt 00:00:55]} 7. e6 {[%clk 01:21:11]} {[%emt 00:05:29]} Nge5 {[%clk
01:13:54]} {[%emt 00:00:28]} 8. exf7+ {[%clk 01:18:02]} {[%emt 00:03:39]} Kxf7
{[%clk 01:14:02]} {[%emt 00:00:22]} 9. Nf3 {[%clk 01:14:18]} {[%emt 00:04:14]}
Ng6 {[%clk 01:08:33]} {[%emt 00:06:01]} 10. Bg3 {[%clk 01:08:03]} {[%emt
00:06:42]} Be6 {[%clk 01:08:09]} {[%emt 00:00:56]} 11. Nc7 {[%clk 01:04:53]}
{[%emt 00:03:39]} Rc8 {[%clk 01:08:06]} {[%emt 00:00:32]} 12. Nxe6 {[%clk
01:04:42]} {[%emt 00:00:42]} Kxe6 {[%clk 01:08:32]} {[%emt 00:00:05]} 13. Bd3
{[%clk 01:02:12]} {[%emt 00:02:59]} Kf7 {[%clk 00:47:31]} {[%emt 00:21:32]} 14.
Bf5 {[%clk 00:59:47]} {[%emt 00:02:54]} Ra8 {[%clk 00:46:28]} {[%emt 00:01:33]}
15. h4 {[%clk 00:55:09]} {[%emt 00:05:08]} Be7 {[%clk 00:43:13]} {[%emt
00:03:45]} 16. h5 {[%clk 00:48:44]} {[%emt 00:06:55]} Nf8 {[%clk 00:43:17]}
{[%emt 00:00:26]} 17. c3 {[%clk 00:45:43]} {[%emt 00:03:31]} Bf6 {[%clk
00:42:27]} {[%emt 00:01:20]} 18. Bh4 {[%clk 00:39:33]} {[%emt 00:06:40]} Ne7
{[%clk 00:39:03]} {[%emt 00:03:54]} 19. Bxf6 {[%clk 00:36:43]} {[%emt
00:03:19]} gxf6 {[%clk 00:39:08]} {[%emt 00:00:26]} 20. Bh3 {[%clk 00:35:25]}
{[%emt 00:01:48]} Qb6 {[%clk 00:37:08]} {[%emt 00:02:30]} 21. Qb3 {[%clk
00:33:08]} {[%emt 00:02:46]} Qxb3 {[%clk 00:34:05]} {[%emt 00:03:34]} 22. axb3
{[%clk 00:33:16]} {[%emt 00:00:22]} Ne6 {[%clk 00:33:35]} {[%emt 00:01:01]} 23.
O-O-O {[%clk 00:30:22]} {[%emt 00:03:22]} b5 {[%clk 00:29:40]} {[%emt
00:04:26]} 24. Bxe6+ {[%clk 00:26:47]} {[%emt 00:04:05]} Kxe6 {[%clk 00:30:06]}
{[%emt 00:00:03]} 25. Ng1 {[%clk 00:26:33]} {[%emt 00:00:44]} a5 {[%clk
00:24:27]} {[%emt 00:06:10]} 26. Ne2 {[%clk 00:25:34]} {[%emt 00:01:29]} a4
{[%clk 00:19:38]} {[%emt 00:05:19]} 27. Nf4+ {[%clk 00:25:39]} {[%emt
00:00:24]} Ke5 {[%clk 00:20:02]} {[%emt 00:00:06]} 28. Kc2 {[%clk 00:23:27]}
{[%emt 00:02:42]} axb3+ {[%clk 00:17:52]} {[%emt 00:02:41]} 29. Kxb3 {[%clk
00:23:33]} {[%emt 00:00:23]} Ra4 {[%clk 00:16:50]} {[%emt 00:01:33]} 30. Ra1
{[%clk 00:21:39]} {[%emt 00:02:24]} Rha8 {[%clk 00:16:42]} {[%emt 00:00:38]}
31. Rxa4 {[%clk 00:22:00]} {[%emt 00:00:10]} Rxa4 {[%clk 00:17:00]} {[%emt
00:00:10]} 32. Kc2 {[%clk 00:21:36]} {[%emt 00:00:55]} Ra2 {[%clk 00:13:17]}
{[%emt 00:04:13]} 33. Kb1 {[%clk 00:21:32]} {[%emt 00:00:34]} Ra4 {[%clk
00:13:19]} {[%emt 00:00:27]} 34. b3 {[%clk 00:20:20]} {[%emt 00:01:43]} Ra8
{[%clk 00:12:09]} {[%emt 00:01:40]} 35. Kb2 {[%clk 00:19:40]} {[%emt 00:01:10]}
Ra7 {[%clk 00:10:59]} {[%emt 00:01:41]} 36. Nd3+ {[%clk 00:14:05]} {[%emt
00:06:04]} Kd6 {[%clk 00:10:58]} {[%emt 00:00:29]} 37. Rh4 {[%clk 00:13:15]}
{[%emt 00:01:21]} f5 {[%clk 00:10:07]} {[%emt 00:01:21]} 38. Rh3 {[%clk
00:12:18]} {[%emt 00:01:28]} Ra8 {[%clk 00:09:45]} {[%emt 00:00:52]} 39. Nf4
{[%clk 00:10:20]} {[%emt 00:02:28]} Ke5 {[%clk 00:09:31]} {[%emt 00:00:45]} 40.
Rg3 {[%clk 00:08:35]} {[%emt 00:02:15]} Rg8 {[%clk 00:09:27]} {[%emt 00:00:32]}
41. Rxg8 {[%clk 00:07:27]} {[%emt 00:01:39]} Nxg8 {[%clk 00:09:56]} {[%emt
00:00:02]} 42. Kc2 {[%clk 00:03:37]} {[%emt 00:04:20]} Nf6 {[%clk 00:10:01]}
{[%emt 00:00:26]} 43. f3 {[%clk 00:03:14]} {[%emt 00:00:52]} Nd7 {[%clk
00:07:20]} {[%emt 00:03:11]} 44. Kd3 {[%clk 00:29:58]} {[%emt 00:03:46]} Nf6
{[%clk 00:37:36]} {[%emt 00:00:14]} 45. b4 {[%clk 00:25:50]} {[%emt 00:04:39]}
cxb4 {[%clk 00:32:19]} {[%emt 00:05:48]} 46. cxb4 {[%clk 00:26:18]} {[%emt
00:00:01]} Ne8 {[%clk 00:32:37]} {[%emt 00:00:12]} 47. g3 {[%clk 00:22:58]}
{[%emt 00:03:50]} Nf6 {[%clk 00:31:45]} {[%emt 00:01:23]} 48. Kc3 {[%clk
00:22:31]} {[%emt 00:00:57]} Ne8 {[%clk 00:30:58]} {[%emt 00:01:16]} 49. Nd3+
{[%clk 00:21:28]} {[%emt 00:01:33]} Kd6 {[%clk 00:31:08]} {[%emt 00:00:21]} 50.
Kd4 {[%clk 00:20:39]} {[%emt 00:01:19]} Nf6 {[%clk 00:30:17]} {[%emt 00:01:20]}
51. Nf4 {[%clk 00:20:26]} {[%emt 00:00:42]} h6 {[%clk 00:30:40]} {[%emt
00:00:08]} 52. Kd3 {[%clk 00:20:24]} {[%emt 00:00:33]} Kc6 {[%clk 00:30:48]}
{[%emt 00:00:21]} 53. Kc3 {[%clk 00:20:21]} {[%emt 00:00:31]} Kd7 {[%clk
00:31:05]} {[%emt 00:00:15]} 1/2-1/2

[Event "DVM U14 2021"]
[Site "Willingen GER"]
[Date "2022.08.16"]
[Round "7"]
[White "Rudolph, Alexander"]
[Black "Widmann, Maximilian"]
[Result "1/2-1/2"]
[Termination "normal"]
[Board "4.4"]
[WhiteElo "1417"]
[BlackElo "1573"]
[WhiteClock "00:22:24"]
[BlackClock "00:01:01"]
[WhiteTeam "SK Tarrasch 1945 München"]
[BlackTeam "VfB Schach Leipzig"]
[PlyCount "80"]
[WhiteFideId "16275748"]
[BlackFideId "16281691"]
[EventCountry "GER"]
[EventRounds "7"]
[EventType "team-swiss"]
[EventDate "2022.08.12"]

1. e4 {[%clk 01:30:29]} {[%emt 00:00:31]} c6 {[%clk 01:30:53]} {[%emt
00:00:07]} 2. d4 {[%clk 01:29:59]} {[%emt 00:01:00]} d5 {[%clk 01:31:01]}
{[%emt 00:00:22]} 3. Nc3 {[%clk 01:29:15]} {[%emt 00:01:14]} dxe4 {[%clk
01:31:16]} {[%emt 00:00:16]} 4. Nxe4 {[%clk 01:28:23]} {[%emt 00:01:22]} Bf5
{[%clk 01:31:28]} {[%emt 00:00:17]} 5. Ng3 {[%clk 01:27:31]} {[%emt 00:01:22]}
Bg6 {[%clk 01:31:47]} {[%emt 00:00:10]} 6. Nh3 {[%clk 01:26:59]} {[%emt
00:01:02]} h6 {[%clk 01:28:51]} {[%emt 00:03:26]} 7. Nf4 {[%clk 01:25:30]}
{[%emt 00:01:59]} Bh7 {[%clk 01:26:16]} {[%emt 00:03:05]} 8. c3 {[%clk
01:25:00]} {[%emt 00:01:01]} e6 {[%clk 01:24:57]} {[%emt 00:01:49]} 9. Bd3
{[%clk 01:23:02]} {[%emt 00:02:28]} Bxd3 {[%clk 01:21:41]} {[%emt 00:03:46]}
10. Qxd3 {[%clk 01:18:28]} {[%emt 00:05:04]} Nf6 {[%clk 01:16:51]} {[%emt
00:05:19]} 11. Bd2 {[%clk 01:16:12]} {[%emt 00:02:45]} Bd6 {[%clk 01:14:07]}
{[%emt 00:03:16]} 12. O-O-O {[%clk 01:14:30]} {[%emt 00:02:12]} Qc7 {[%clk
01:03:53]} {[%emt 00:10:43]} 13. Nfh5 {[%clk 01:12:05]} {[%emt 00:02:55]} Bxg3
{[%clk 00:44:11]} {[%emt 00:20:13]} 14. Nxf6+ {[%clk 01:11:26]} {[%emt
00:01:09]} gxf6 {[%clk 00:44:01]} {[%emt 00:00:40]} 15. hxg3 {[%clk 01:11:45]}
{[%emt 00:00:11]} Nd7 {[%clk 00:32:27]} {[%emt 00:12:04]} 16. Rxh6 {[%clk
01:10:15]} {[%emt 00:02:00]} Rxh6 {[%clk 00:28:41]} {[%emt 00:04:16]} 17. Bxh6
{[%clk 01:09:40]} {[%emt 00:01:05]} O-O-O {[%clk 00:28:00]} {[%emt 00:01:11]}
18. Bg7 {[%clk 01:07:58]} {[%emt 00:02:12]} Qa5 {[%clk 00:24:42]} {[%emt
00:03:49]} 19. Kb1 {[%clk 01:04:26]} {[%emt 00:04:01]} Qd5 {[%clk 00:21:45]}
{[%emt 00:03:26]} 20. Rg1 {[%clk 00:57:18]} {[%emt 00:07:39]} c5 {[%clk
00:16:56]} {[%emt 00:05:18]} 21. Qe3 {[%clk 00:54:33]} {[%emt 00:03:16]} Qf5+
{[%clk 00:13:16]} {[%emt 00:04:09]} 22. Ka1 {[%clk 00:53:52]} {[%emt 00:01:12]}
b6 {[%clk 00:12:01]} {[%emt 00:01:46]} 23. Bh6 {[%clk 00:48:23]} {[%emt
00:05:58]} Kb7 {[%clk 00:10:12]} {[%emt 00:02:19]} 24. Qf3+ {[%clk 00:39:37]}
{[%emt 00:09:16]} Qxf3 {[%clk 00:10:23]} {[%emt 00:00:19]} 25. gxf3 {[%clk
00:39:51]} {[%emt 00:00:16]} cxd4 {[%emt 00:00:48]} 26. cxd4 {[%clk 00:37:11]}
{[%emt 00:03:08]} Rc8 {[%clk 00:09:27]} {[%emt 00:01:10]} 27. Kb1 {[%clk
00:35:11]} {[%emt 00:02:31]} b5 {[%clk 00:08:00]} {[%emt 00:01:57]} 28. Re1
{[%clk 00:32:18]} {[%emt 00:03:22]} Nb6 {[%clk 00:07:06]} {[%emt 00:01:24]} 29.
Rc1 {[%clk 00:29:30]} {[%emt 00:03:18]} Rxc1+ {[%clk 00:06:36]} {[%emt
00:01:00]} 30. Kxc1 {[%clk 00:29:25]} {[%emt 00:00:35]} Kc6 {[%clk 00:06:22]}
{[%emt 00:00:44]} 31. Kc2 {[%clk 00:28:14]} {[%emt 00:01:42]} Nd5 {[%clk
00:04:42]} {[%emt 00:02:09]} 32. Bd2 {[%clk 00:27:44]} {[%emt 00:01:00]} f5
{[%clk 00:02:50]} {[%emt 00:02:22]} 33. Kd3 {[%clk 00:27:21]} {[%emt 00:00:53]}
Kd6 {[%clk 00:02:17]} {[%emt 00:01:03]} 34. f4 {[%clk 00:27:51]} {[%emt
00:00:32]} Ke7 {[%clk 00:02:37]} {[%emt 00:00:38]} 35. b3 {[%clk 00:27:38]}
{[%emt 00:00:43]} a6 {[%clk 00:02:39]} {[%emt 00:00:28]} 36. f3 {[%clk
00:27:19]} {[%emt 00:00:49]} f6 {[%clk 00:02:28]} {[%emt 00:00:42]} 37. g4
{[%clk 00:26:59]} {[%emt 00:00:49]} Kf7 {[%clk 00:01:41]} {[%emt 00:01:17]} 38.
a4 {[%clk 00:26:25]} {[%emt 00:01:04]} Kg6 {[%clk 00:01:25]} {[%emt 00:00:45]}
39. a5 {[%clk 00:22:35]} {[%emt 00:04:21]} fxg4 {[%clk 00:00:50]} {[%emt
00:01:06]} 40. fxg4 {[%clk 00:22:24]} {[%emt 00:00:40]} f5 {[%clk 00:01:01]}
{[%emt 00:00:19]} 1/2-1/2

[Event "DVM U14 2021"]
[Site "Willingen GER"]
[Date "2022.08.16"]
[Round "7"]
[White "Schwartz, Oliver"]
[Black "Helmbrecht, Paul"]
[Result "1/2-1/2"]
[Termination "normal"]
[Board "6.1"]
[WhiteElo "1872"]
[BlackElo "1661"]
[WhiteClock "00:24:52"]
[BlackClock "00:14:02"]
[WhiteTeam "SC Ostfildern 1952"]
[BlackTeam "FC Ergolding 1932"]
[PlyCount "61"]
[WhiteFideId "16207459"]
[BlackFideId "16270932"]
[EventCountry "GER"]
[EventRounds "7"]
[EventType "team-swiss"]
[EventDate "2022.08.12"]

1. d4 {[%clk 01:30:57]} {[%emt 00:00:02]} Nf6 {[%clk 01:31:21]} 2. c4 {[%clk
01:31:24]} e6 {[%clk 01:31:43]} 3. Nf3 {[%clk 01:31:50]} d5 {[%clk 01:31:58]}
4. Nc3 {[%clk 01:32:17]} Be7 {[%clk 01:30:08]} 5. Bf4 {[%clk 01:31:24]} c6
{[%clk 01:26:08]} 6. e3 {[%clk 01:29:33]} Nh5 {[%clk 01:22:18]} 7. Bg3 {[%clk
01:29:30]} Nxg3 {[%clk 01:22:42]} 8. hxg3 {[%clk 01:28:50]} Nd7 {[%clk
01:20:38]} 9. Qc2 {[%clk 01:28:26]} Nf6 {[%clk 01:15:43]} 10. cxd5 {[%clk
01:28:42]} exd5 {[%clk 01:15:34]} 11. Bd3 {[%clk 01:21:44]} h6 {[%clk
01:09:48]} 12. O-O-O {[%clk 01:18:59]} Be6 {[%clk 01:02:13]} 13. Kb1 {[%clk
01:06:20]} Qa5 {[%clk 00:53:27]} 14. Ne2 {[%clk 00:58:33]} c5 {[%clk 00:41:12]}
15. Nf4 {[%clk 00:50:25]} Bg4 {[%clk 00:36:48]} 16. Rc1 {[%clk 00:48:50]} c4
{[%clk 00:35:02]} 17. Bf5 {[%clk 00:41:36]} Qb5 {[%clk 00:23:31]} 18. Ne5
{[%clk 00:41:13]} Bxf5 {[%clk 00:23:50]} 19. Qxf5 {[%clk 00:38:41]} Rf8 {[%clk
00:21:56]} 20. Nxc4 {[%clk 00:35:09]} Qd7 {[%clk 00:21:45]} 21. Qxd7+ {[%clk
00:35:23]} Kxd7 {[%clk 00:21:25]} 22. Ne5+ {[%clk 00:33:10]} Kd6 {[%clk
00:20:48]} 23. Rc2 {[%clk 00:28:51]} g5 {[%clk 00:17:51]} 24. Nfd3 {[%clk
00:27:59]} h5 {[%clk 00:18:03]} 25. Rhc1 {[%clk 00:27:52]} Bd8 {[%clk
00:16:22]} 26. Nc5 {[%clk 00:25:44]} Rb8 {[%clk 00:16:12]} 27. Rc3 {[%clk
00:25:05]} Bb6 {[%clk 00:14:07]} 28. Rb3 {[%clk 00:24:25]} Bxc5 {[%clk
00:14:31]} 29. Rxc5 {[%clk 00:24:51]} Ne4 {[%clk 00:14:31]} 30. Rc2 {[%clk
00:24:58]} f6 {[%clk 00:14:02]} 31. Nd3 {[%clk 00:24:52]} {[%emt 02:52:33]}
1/2-1/2